| 000 | 02026nam0a2200445 i 4500 | ||
|---|---|---|---|
| 001 | RU\NLR\bibl\1890322 | ||
| 005 | 20240921095820.0 | ||
| 010 | _a9785397028776 | ||
| 021 |
_aRU _b2012-21463 _91616 |
||
| 035 | _a(nilc)RSL-KNO-005415664 | ||
| 035 | _a(NLR Aleph) 001880019 | ||
| 090 |
_a2777941 _c2777941 |
||
| 100 | _a20120402d20121913u y0rusy50 ca | ||
| 101 | 1 |
_arus _ager _cger |
|
| 102 | _aRU | ||
| 105 | _aa ||||||||| | ||
| 200 | 1 |
_aИндоевропейцы _fО. Шрадер _gпер. с нем. Ф.И. Павлова _gпод ред. и со вступ. ст. А.Л. Погодина |
|
| 205 |
_aИзд. 4-е _b[репр. изд.] |
||
| 210 |
_aМосква _cURSS _cЛИБРОКОМ _d2012 |
||
| 215 |
_a212 с. _cил. _d22 |
||
| 225 | 1 | _aАкадемия фундаментальных исследований: история | |
| 300 | _aЗагл. и авт. также на нем. яз.: Die Indogermanen / Otto Schrader | ||
| 300 | _aНа тит. л. ориг. изд. вых. дан.: С.-Петербург: издание П.П. Сойкина, 1913 | ||
| 300 | _aТекст на рус. и нем. яз. | ||
| 320 | _aБиблиогр. в подстроч. примеч. | ||
| 320 | _aЛит. указ.: с. 207-208 | ||
| 455 | 1 |
_1700#0$aДоп. тит. л. с вых. дан. ориг.: С.-Петербургъ : Изд. П. П. Сойкина, 1913 _aДоп. тит. л. с вых. дан. ориг.: С.-Петербургъ : Изд. П. П. Сойкина, 1913 |
|
| 517 | 1 |
_6z48790 _aDie Indogermanen |
|
| 606 | 1 |
_aИндоевропейцы _xИстория _92295420 _3RU\NLR\auth\661374501 |
|
| 610 | 0 | _aиндогерманцы | |
| 686 |
_aТ51(4)0,02 _2rubbk |
||
| 686 | _aТ3(0)3-01 | ||
| 686 | _aТ3(9=А/Я)0,02 | ||
| 700 | 1 |
_aШрадер _bО. _f1855-1919 _gОтто _4070 |
|
| 790 | 1 |
_6z48517 _aSchrader _bO. _f1855-1919 _gOtto _4070 |
|
| 801 | 0 |
_aRU _bRuMoRKP _c20120402 _grcr |
|
| 801 | 1 |
_aRU _bРГБ _c20120402 |
|
| 801 | 2 |
_aRU _bNLR _c20120409 _grcr |
|
| 942 | _cBOOK | ||
| 980 | _aNBR | ||